Wszystkie karty z overallem 90 w Fifa 20 - Statystyki

Ogólne statystyki
  • Ten quiz został rozwiązany 303 razy
  • Średni wynik to 10 z 48
Statystyki odpowiedzi
Posiadane karty Piłkarz % Poprawnych
Bundesliga POTM, Inform, TOTYn Robert Lewandowski
82%
Inform, TOTYn Kylian Mbappe
48%
Virgil van Dijk
48%
Mohamed Salah
44%
Zwykłe złote: Marc-André ter Stegen
36%
UCL Live, Inform Sadio Mane
35%
Champions League TOTT, TOTYn Sergio Ramos
35%
TOTYn Alisson
29%
Luka Modric
29%
Inform, TOTYn Sergio Aguero
29%
Futmas SBC David de Gea
26%
Inform, TOTYn Harry Kane
26%
Inform, TOTYn N'Golo Kanté
26%
Halloween SBC Gerard Pique
25%
OTW, Inform Antoine Griezmann
24%
Ligue 1 POTM Thiago Silva
24%
Inform Luis Suarez
23%
Rio Ferdinand
19%
Halloween Toni Kroos
19%
Headliners Marco Reus
17%
Hernan Crespo
16%
UCL Live Paulo Dybala
16%
Headliners Raheem Sterling
16%
Ikony: Filippo Inzaghi
15%
Headliners Dries Mertens
14%
Premium SBC David Villa
13%
UCL Live Hugo Lloris
13%
Jay-Jay Okocha
13%
Rui Costa
13%
Christian Vieri
12%
Emmanuel Petit
12%
Jens Lehmann
12%
Champions League TOTT, TOTYn Kalidou Koulibaly
12%
Claude Makélélé
11%
Flashback SBC David Luiz
11%
Deco
11%
Gianfranco Zola
10%
Luis Hernández
10%
Marc Overmars
10%
Michael Essien
10%
Pep Guardiola
10%
Frank Lampard
9%
Frank Rijkaard
8%
Henrik Larsson
8%
Juan Sebastián Verón
8%
Jari Litmanen
7%
Players Moments Hakim Ziyech
5%
Roy Keane
5%
Nie znaleziono quizów pasujących do podanych kryteriów
Rozkład punktacji
Procent ludzi z każdym wynikiem
Percentyl według liczby udzielonych odpowiedzi
Twoja historia wyników
Nie rozwiązałeś tego quizu